LAPACK user's guide

Αποθηκεύτηκε σε:
Λεπτομέρειες βιβλιογραφικής εγγραφής
Κύριος συγγραφέας: Anderson, E. 1962-
Μορφή: Βιβλίο
Γλώσσα:English
Δημοσίευση: Philadelphia : Society for Industrial and Applied Mathematics, c1999
Έκδοση:3rd ed.
Σειρά:Software, environments, tools
Θέματα:
Ετικέτες: Προσθήκη ετικέτας
Δεν υπάρχουν, Καταχωρήστε ετικέτα πρώτοι!

MARC

LEADER 00000nam a2200000 i 4500
001 1/60838
008 020409s1999 eng d
020 |a 0-89871-447-8 
035 |l 10000752 
040 |a GR-MY-UA  |b gre  |e aacr 
041 0 |a eng 
082 0 |a 512.502855369 
100 1 |a Anderson, E.  |d 1962- 
245 1 0 |a LAPACK user's guide /  |c E. Anderson...[et al.] 
250 |a 3rd ed. 
260 |a Philadelphia :   |b Society for Industrial and Applied Mathematics,   |c c1999 
300 |a xxi, 407 p.;  |b ill.;  |c 27 cm. 
490 1 |a Software, environments, tools 
504 |a Includes bibliographical references and index 
630 0 0 |a LAPACK. 
650 0 0 |a FORTRAN (Computer program language) 
650 0 0 |a C# (Computer program language) 
650 0 0 |a Subroutines (Computer programs) 
830 0 |a Software, environments, tools 
852 |a INST  |b SAMOS  |e 20020409  |h 512.502855369 LAP  |p 005300020154  |q 005300020154  |t BK  |y 0 
901 |a BIBL3-2002-1 
909 |a Σ  |b 087444 
922 |a 3ΕΛΗ  |b 200002  |c ΤΠΕΣ/ΠΟΛ  |d LEADER 
970 |a ΜΑΛΑΓΑΡΗ  |b ΦΩΤΕΙΝΗ  |z 2002/04/09